Mato Grosso, território de oportunidades / (Record no. 1125)

MARC details
000 -LÍDER
Campo Fixo de Controle 00616nam a2200217 a 4500
001 - NÚMERO DE CONTROLE
Campo de Controle 1125
003 - IDENTIFICAÇÃO DO NÚMERO DE CONTROLE
Campo de Controle BR-CuiBMT
005 - DATA E HORA DA ÚLTIMA ATUALIZAÇÃO
Campo de Controle 20231129184951.0
008 - DADOS FIXOS
Dados Fixos 231129s2010 mtb 000 0 por d
020 ## - INTERNATIONAL STANDARD BOOK NUMBER
Nº do ISBN 9788579920103
040 ## - AGÊNCIA CATALOGADORA
Código da Agência Catalogadora BR-CuiBMT
Agência que transcreveu o registro BR-CuiBMT
080 ## - Nº DA CLASSIFICAÇÃO DECIMAL UNIVERSAL
Nº edição CDU 2007
Nº Class. CDU 338.1
Subd. Auxiliar Comum (817.2)
090 ## - NÚMERO DE CHAMADA
Nº classificação 338.1(817.2)
Cutter L864m
100 1# - ENTRADA PRINCIPAL -- AUTOR PESSOAL
Nome pessoal Lopes, Vivaldo
245 ## - TÍTULO PRINCIPAL
Título principal Mato Grosso, território de oportunidades /
Indicação de responsabilidade Vivaldo Lopes.
260 ## - PUBLICAÇÃO, DISTRIBUIÇÃO, ETC.
Local de publicação Cuiabá :
Editora Entrelinhas,
Data 2010.
300 ## - DESCRIÇÃO FÍSICA
N. páginas ou volumes 167 p.:
Dimensões 21 cm
650 ## - ASSUNTO TÓPICO
Cabeçalho tópico ou nome geográfico Mato Grosso
Subdivisão geral Condições econômicas
650 ## - ASSUNTO TÓPICO
Cabeçalho tópico ou nome geográfico Economia
Subdivisão geográfica Mato Grosso
942 ## - ELEMENTOS DE ENTRADA ADICIONAIS (KOHA)
Fonte de classificação ou esquema de arquivamento Classificação Decimal Universal
Tipo de item do Koha Livros
Holdings
Estado: removido Estado: perdido Fonte de classificação ou esquema de arquivamento Estado: danificado Indisponível para empréstimo Localização permanente Localização atual Data de aquisição Total Checkouts Número de Chamada completo Código de barras Date last seen Número do exemplar Preço efetivo a partir de Tipo de item (Koha)
    Classificação Decimal Universal     Biblioteca da Escola Superior de Contas do TCE/MT Biblioteca da Escola Superior de Contas do TCE/MT 29/11/2023   338.1(817.2) L864m BIBTCEMT23111313 29/11/2023 Ex. 1 29/11/2023 Livros
    Classificação Decimal Universal     Biblioteca da Escola Superior de Contas do TCE/MT Biblioteca da Escola Superior de Contas do TCE/MT 30/11/2023   338.1(817.2) L864m BIBTCEMT23111383 30/11/2023 Ex. 2 30/11/2023 Livros
    Classificação Decimal Universal     Biblioteca da Escola Superior de Contas do TCE/MT Biblioteca da Escola Superior de Contas do TCE/MT 30/11/2023   338.1(817.2) L864m BIBTCEMT23111385 30/11/2023 Ex. 3 30/11/2023 Livros
    Classificação Decimal Universal     Biblioteca da Escola Superior de Contas do TCE/MT Biblioteca da Escola Superior de Contas do TCE/MT 30/11/2023   338.1(817.2) L864m BIBTCEMT23111386 30/11/2023 Ex. 4 30/11/2023 Livros
    Classificação Decimal Universal     Biblioteca da Escola Superior de Contas do TCE/MT Biblioteca da Escola Superior de Contas do TCE/MT 30/11/2023   338.1(817.2) L864m BIBTCEMT23111387 30/11/2023 Ex. 5 30/11/2023 Livros
    Classificação Decimal Universal     Biblioteca da Escola Superior de Contas do TCE/MT Biblioteca da Escola Superior de Contas do TCE/MT 30/11/2023   338.1(817.2) L864m BIBTCEMT23111388 30/11/2023 Ex. 6 30/11/2023 Livros

Powered by Koha